000 00372nam a22001571a 4500
020 _a9789350722084
082 _aH1
_bRAN/S
100 _aRanjana Jaiswal
245 _aSirf kagaz par nahin/
_cby Ranjana Jaiswal
260 _aNew Delhi:
_bVani,
_c2012.
300 _a175p.
650 _aPoetry Hindi
650 _aLiterature Hindi
650 _aLiterature
942 _cBK
999 _c42157
_d42157